| 000 | 00899nam a22002057a 4500 | ||
|---|---|---|---|
| 999 |
_c1771 _d1771 |
||
| 003 | AR-CdUCM | ||
| 008 | 190227b ||||| |||| 00| 0 spa d | ||
| 040 |
_aMUNICIPALIDAD PROVINCIAL DEL CUSCO _cBIBLIOTECA MUNICIPAL DEL CUSCO |
||
| 082 |
_a331.2 / _bA75 |
||
| 100 |
_aArndt, Erich _96503 |
||
| 245 | _aPolítica de salarios / | ||
| 260 |
_aBuenos aires : _bEl ateneo; _c1964. |
||
| 300 |
_a305 paginas ; _c23 cm. |
||
| 505 | _aEl antagonismo social en las relaciones del trabajo asalariado -- Necesidad, objetivos y métodos de la política del salario -- Forma en que reacciona la empresa frente a aumentos de salarios -- Las consecuencias para la producción y la oferta de bienes -- Las consecuencias para a formación de capital ... | ||
| 650 |
_aPolítica laboral _94687 |
||
| 650 |
_aSueldos y salarios _96504 |
||
| 650 |
_aEmpleos _96505 |
||
| 942 |
_2ddc _cLIBROS |
||
| 945 |
_arum _d2019-02-27 |
||